<?xml version="1.0" encoding="UTF-8"?>
<record
    xmlns:xsi="http://www.w3.org/2001/XMLSchema-instance"
    xsi:schemaLocation="http://www.loc.gov/MARC21/slim http://www.loc.gov/standards/marcxml/schema/MARC21slim.xsd"
    xmlns="http://www.loc.gov/MARC21/slim">

  <leader>00312nam a2200097Ia 4500</leader>
  <controlfield tag="001">712098</controlfield>
  <controlfield tag="005">20250826162821.0</controlfield>
  <controlfield tag="008">250824s9999    xx            000 0 und d</controlfield>
  <datafield tag="245" ind1=" " ind2="0">
    <subfield code="a">S&#xDC;RD&#xDC;R&#xDC;LEB&#x130;L&#x130;RL&#x130;K VE &#x15E;EH&#x130;R PAZARLAMASI EKSEN&#x130;NDE YAVA&#x15E; &#x15E;EH&#x130;R</subfield>
    <subfield code="c">METE SEZG&#x130;N-&#x15E;AFAK &#xDC;N&#xDC;VAR</subfield>
  </datafield>
  <datafield tag="260" ind1=" " ind2=" ">
    <subfield code="b">&#xC7;&#x130;ZG&#x130; YAYINLARI</subfield>
  </datafield>
  <datafield tag="999" ind1=" " ind2=" ">
    <subfield code="c">712098</subfield>
    <subfield code="d">712098</subfield>
  </datafield>
  <datafield tag="952" ind1=" " ind2=" ">
    <subfield code="0">0</subfield>
    <subfield code="1">0</subfield>
    <subfield code="4">0</subfield>
    <subfield code="7">0</subfield>
    <subfield code="a">1030</subfield>
    <subfield code="b">1030</subfield>
    <subfield code="d">2025-08-24</subfield>
    <subfield code="l">0</subfield>
    <subfield code="p">1030722</subfield>
    <subfield code="r">2025-08-26 16:28:21</subfield>
    <subfield code="w">2025-08-26</subfield>
    <subfield code="y">BK</subfield>
  </datafield>
</record>
